[Event "Gibtelecom Festival 2010 - Masters"]
[Site "Gibraltar ENG"]
[Date "2010.02.01"]
[Round "7.38"]
[White "Solomon, Kenny"]
[Black "Tozer, Philip"]
[Result "1-0"]
[WhiteElo "2368"]
[BlackElo "2119"]
[PlyCount "85"]
[EventDate "2010.01.26"]
[EventType "swiss"]
[EventRounds "10"]
[EventCountry "ENG"]
[Source "lmi"]
[SourceDate "2010.01.26"]

1. d4 e6 2. Nf3 f5 3. g3 Nf6 4. Bg2 d5 5. O-O Bd6 6. c4 c6 7. Nbd2 O-O 8. Ne5
Ne4 9. Ndf3 b6 10. Qa4 Bb7 11. Rd1 Qe8 12. Bf4 Na6 13. Rac1 c5 14. Qd7 Qxd7 15.
Nxd7 Bxf4 16. gxf4 Rfd8 17. Nde5 Rac8 18. Ng5 Nxg5 19. fxg5 cxd4 20. Rxd4 Nc7
21. Rcd1 Rf8 22. e3 Ba8 23. b3 b5 24. Bf1 bxc4 25. bxc4 dxc4 26. Rxc4 Nd5 27.
Rdc1 Nb6 28. Rc7 Bd5 29. a3 a5 30. R7c5 a4 31. Bb5 Bb3 32. Nc6 Ra8 33. f3 Nd5
34. Kf2 f4 35. e4 Ne3 36. h4 Rf7 37. Ne5 Rff8 38. Rc7 Rad8 39. Nd7 Nd1+ 40. Ke2
Ne3 41. Nxf8 Kxf8 42. Rc8 Rxc8 43. Rxc8+ 1-0

[Event "Gibtelecom Festival 2010 - Masters"]
[Site "Gibraltar ENG"]
[Date "2010.02.01"]
[Round "7.40"]
[White "Dittmar, Peter"]
[Black "Fokin, Sergey"]
[Result "1/2-1/2"]
[WhiteElo "2341"]
[BlackElo "2109"]
[PlyCount "104"]
[EventDate "2010.01.26"]
[EventType "swiss"]
[EventRounds "10"]
[EventCountry "ENG"]
[Source "lmi"]
[SourceDate "2010.01.26"]

1. c4 Nf6 2. g3 c6 3. Bg2 d5 4. Nf3 e6 5. O-O dxc4 6. Qc2 b5 7. a4 Bb7 8. Na3
a6 9. Rd1 Nd5 10. b3 cxb3 11. Qxb3 Nd7 12. d4 N7b6 13. e4 Nf6 14. a5 Nbd7 15.
Bf4 Be7 16. Nc4 O-O 17. Nd6 Ra7 18. Nxb7 Rxb7 19. Qc2 Qc8 20. Rdc1 c5 21. dxc5
Qxc5 22. Qd1 Qa7 23. Nd4 Bc5 24. Nc6 Qa8 25. Bd6 Bxd6 26. Qxd6 e5 27. Ne7+ Kh8
28. Rc6 Ne8 29. Qb4 Nc7 30. Bh3 Ne6 31. Bxe6 fxe6 32. Rxe6 Rc7 33. Rf1 Nc5 34.
Rb6 Nxe4 35. Nd5 Rc4 36. Rxa6 Rxb4 37. Rxa8 Rxa8 38. Nxb4 Rxa5 39. Rd1 h6 40.
Rd5 Ra1+ 41. Kg2 Rb1 42. Rxb5 Rb2 43. Rb8+ Kh7 44. Nc6 Rxf2+ 45. Kg1 Re2 46.
Nxe5 Ng5 47. Ng4 Nf3+ 48. Kf1 Rd2 49. h4 Nd4 50. Nf2 Nf5 51. Kg2 Ra2 52. Rb3 h5
1/2-1/2

[Event "Gibtelecom Festival 2010 - Masters"]
[Site "Gibraltar ENG"]
[Date "2010.02.01"]
[Round "7.41"]
[White "Ogada-Osir, Ibrahim"]
[Black "Zozulia, Anna"]
[Result "0-1"]
[WhiteElo "2104"]
[BlackElo "2321"]
[PlyCount "100"]
[EventDate "2010.01.26"]
[EventType "swiss"]
[EventRounds "10"]
[EventCountry "ENG"]
[Source "lmi"]
[SourceDate "2010.01.26"]

1. Nf3 Nf6 2. b3 d6 3. d4 g6 4. Bb2 Bg7 5. g3 b5 6. Bg2 Bb7 7. O-O O-O 8. c4
bxc4 9. bxc4 Nbd7 10. Nbd2 Rb8 11. Qc2 e5 12. Rfd1 Qe7 13. e3 Rfe8 14. d5 e4
15. Nd4 Nc5 16. Rab1 Nfd7 17. N4b3 Bxb2 18. Nxc5 Nxc5 19. Rxb2 f5 20. Rdb1 Qd7
21. a4 c6 22. Bf1 Rbc8 23. Nb3 Nxa4 24. Ra2 cxd5 25. Na5 Nb6 26. Nxb7 Qxb7 27.
Qb3 Rc7 28. cxd5 Qxd5 29. Qxd5+ Nxd5 30. Rd2 Nc3 31. Ra1 d5 32. Ra6 Rb8 33. Kg2
Rb6 34. Ra5 Kf7 35. Rc2 Ke6 36. Rc1 Rb1 37. Rc2 Rb3 38. Rc1 Kd6 39. Rca1 Rb2
40. h4 Rd2 41. Rxa7 Rxa7 42. Rxa7 Nd1 43. Rxh7 Nxf2 44. Rg7 Ng4+ 45. Kg1 Ne5
46. Bb5 Kc5 47. Be8 d4 48. exd4+ Kxd4 49. Bxg6 Nf3+ 50. Kf1 Ke3 0-1

[Event "Gibtelecom Festival 2010 - Masters"]
[Site "Gibraltar ENG"]
[Date "2010.02.01"]
[Round "7.42"]
[White "Wantiez, Fabrice"]
[Black "Seitz, Benjamin"]
[Result "1/2-1/2"]
[WhiteElo "2315"]
[BlackElo "2017"]
[PlyCount "94"]
[EventDate "2010.01.26"]
[EventType "swiss"]
[EventRounds "10"]
[EventCountry "ENG"]
[Source "lmi"]
[SourceDate "2010.01.26"]

1. e4 c5 2. Nf3 e6 3. d4 cxd4 4. Nxd4 Qb6 5. Nb3 Qc7 6. Nc3 a6 7. Bd3 b5 8. O-O
Bb7 9. Re1 d6 10. Qg4 Nd7 11. f4 Ngf6 12. Qh3 h5 13. Be3 Be7 14. Kh1 b4 15. Ne2
Nxe4 16. Ned4 Ndf6 17. Nd2 Nxd2 18. Bxd2 Ng4 19. Be3 Nxe3 20. Qxe3 Bf6 21. f5
Qc5 22. c3 bxc3 23. bxc3 e5 24. Qh3 O-O 25. Nb3 Qxc3 26. Rac1 Qb4 27. Qxh5 Rfc8
28. Rb1 Qc3 29. Re3 Bd5 30. Rh3 Kf8 31. Be4 Qc4 32. Nd2 Qc5 33. Rc3 Qxc3 34.
Bxd5 Qc7 35. Nb3 Rab8 36. g4 Rb5 37. Bf3 Qc3 38. Rf1 Qd3 39. Bg2 Rc2 40. g5
Rxg2 41. Qh8+ Ke7 42. gxf6+ gxf6 43. Kxg2 Qe2+ 44. Kg1 Qg4+ 45. Kh1 Qe4+ 46.
Kg1 Qg4+ 47. Kh1 Qe4+ 1/2-1/2

[Event "Gibtelecom Festival 2010 - Masters"]
[Site "Gibraltar ENG"]
[Date "2010.02.01"]
[Round "7.44"]
[White "Groffen, Hans"]
[Black "Cmilyte, Viktorija"]
[Result "0-1"]
[WhiteElo "2150"]
[BlackElo "2489"]
[PlyCount "84"]
[EventDate "2010.01.26"]
[EventType "swiss"]
[EventRounds "10"]
[EventCountry "ENG"]
[Source "lmi"]
[SourceDate "2010.01.26"]

1. d4 f5 2. g3 Nf6 3. Bg2 e6 4. Nf3 d5 5. c4 c6 6. O-O Bd6 7. b3 Qe7 8. Bb2 b6
9. Ne5 Bb7 10. Nd2 O-O 11. Ndf3 Ne4 12. Nd3 a5 13. Nfe5 Na6 14. e3 Nb4 15. f3
Nf6 16. a4 Rfd8 17. Nxb4 axb4 18. f4 c5 19. Qe2 Ne4 20. Bxe4 fxe4 21. Qh5 Rf8
22. g4 Ba6 23. Rac1 Rac8 24. Rf2 Rc7 25. f5 Bxe5 26. dxe5 dxc4 27. bxc4 Rd7 28.
f6 Qf7 29. Qxf7+ Rfxf7 30. g5 Rd3 31. Re2 Rfd7 32. Kf2 Rd1 33. Rxd1 Rxd1 34.
Re1 Rd2+ 35. Re2 Rd3 36. Kg3 Bxc4 37. Kf4 Rd1 38. Rf2 Bd3 39. h4 g6 40. Kg4
Rg1+ 41. Kf4 c4 42. Bd4 c3 0-1

[Event "Gibtelecom Festival 2010 - Masters"]
[Site "Gibraltar ENG"]
[Date "2010.02.01"]
[Round "7.46"]
[White "Nezad, Husein Aziz"]
[Black "Daoudi, Kamal"]
[Result "1-0"]
[WhiteElo "2408"]
[BlackElo "2155"]
[PlyCount "75"]
[EventDate "2010.01.26"]
[EventType "swiss"]
[EventRounds "10"]
[EventCountry "ENG"]
[Source "lmi"]
[SourceDate "2010.01.26"]

1. e4 e5 2. Nf3 Nc6 3. Bb5 a6 4. Ba4 Nf6 5. O-O b5 6. Bb3 Be7 7. Re1 O-O 8. d3
d6 9. c3 Be6 10. Bc2 d5 11. Nbd2 dxe4 12. dxe4 Bc5 13. h3 h6 14. Nh2 Ne7 15.
Qf3 Ng6 16. Ndf1 Qe7 17. Ne3 Bxe3 18. Bxe3 c5 19. Nf1 Rad8 20. Bc1 c4 21. b4
Bc8 22. a4 Bb7 23. axb5 axb5 24. Ra5 Bc6 25. Be3 Bxe4 26. Bxe4 Nh4 27. Bh7+
Kxh7 28. Qc6 Nd5 29. Qxb5 Nxc3 30. Qxc4 Rc8 31. Rc5 Rxc5 32. bxc5 f5 33. Qxc3
f4 34. Bd2 e4 35. Qc2 Qg5 36. Qxe4+ Kh8 37. c6 Rf7 38. c7 1-0

[Event "Gibtelecom Festival 2010 - Masters"]
[Site "Gibraltar ENG"]
[Date "2010.02.01"]
[Round "7.47"]
[White "Dworakowska, Joanna"]
[Black "Thingstad, Even"]
[Result "1-0"]
[WhiteElo "2374"]
[BlackElo "2141"]
[PlyCount "83"]
[EventDate "2010.01.26"]
[EventType "swiss"]
[EventRounds "10"]
[EventCountry "ENG"]
[Source "lmi"]
[SourceDate "2010.01.26"]

1. e4 c6 2. d4 d5 3. Nc3 dxe4 4. Nxe4 Bf5 5. Ng3 Bg6 6. h4 h6 7. Nf3 Nd7 8. h5
Bh7 9. Bd3 Bxd3 10. Qxd3 e6 11. Bd2 Ngf6 12. O-O-O Be7 13. Qe2 O-O 14. Nf1 Nb6
15. Kb1 Qd5 16. Ne3 Qe4 17. Rh4 Qh7 18. Rh3 Rfd8 19. Bc1 Nbd5 20. Nc4 c5 21.
Nce5 Qe4 22. Qf1 Rac8 23. Re1 Qh7 24. Qe2 cxd4 25. Nxd4 Nb4 26. Rc3 Bc5 27.
Nxf7 Rxd4 28. Qxe6 Rc6 29. Nxh6+ Kh8 30. Nf7+ Kg8 31. Nh6+ Kh8 32. Qe8+ Nxe8
33. Rxe8+ Qg8 34. Nxg8 Kh7 35. Ne7 Bxe7 36. Rxe7 Rg4 37. Rxc6 bxc6 38. g3 a5
39. h6 Kg8 40. Rxg7+ Rxg7 41. hxg7 Kxg7 42. Bd2 1-0

[Event "Gibtelecom Festival 2010 - Masters"]
[Site "Gibraltar ENG"]
[Date "2010.02.01"]
[Round "7.48"]
[White "Calzetta Ruiz, Monica"]
[Black "Andersson, Lars"]
[Result "1-0"]
[WhiteElo "2359"]
[BlackElo "2132"]
[PlyCount "51"]
[EventDate "2010.01.26"]
[EventType "swiss"]
[EventRounds "10"]
[EventCountry "ENG"]
[Source "lmi"]
[SourceDate "2010.01.26"]

1. e4 d6 2. d4 Nf6 3. Nc3 g6 4. Be3 c6 5. Qd2 Nbd7 6. h3 e5 7. Nf3 Qe7 8. O-O-O
Bg7 9. dxe5 dxe5 10. g4 O-O 11. Bh6 Nc5 12. Bxg7 Kxg7 13. Qe3 b5 14. g5 Nfd7
15. h4 b4 16. Nb1 a5 17. h5 a4 18. Nh4 Nb6 19. f4 a3 20. bxa3 exf4 21. Qd4+ f6
22. gxf6+ Rxf6 23. e5 Rf8 24. hxg6 Bg4 25. Nf5+ Rxf5 26. Rxh7+ 1-0

[Event "Gibtelecom Festival 2010 - Masters"]
[Site "Gibraltar ENG"]
[Date "2010.02.01"]
[Round "7.50"]
[White "Goodger, Martyn"]
[Black "Nikolaidis, Konstantinos"]
[Result "1/2-1/2"]
[WhiteElo "2147"]
[BlackElo "2266"]
[PlyCount "102"]
[EventDate "2010.01.26"]
[EventType "swiss"]
[EventRounds "10"]
[EventCountry "ENG"]
[Source "lmi"]
[SourceDate "2010.01.26"]

1. e4 c6 2. d4 d5 3. e5 c5 4. dxc5 e6 5. a3 Nc6 6. Nf3 Bxc5 7. b4 Bb6 8. Bd3 f6
9. Bb2 fxe5 10. Nxe5 Nxe5 11. Bxe5 Qg5 12. Bg3 Nf6 13. Bb5+ Bd7 14. Bxd7+ Nxd7
15. Nd2 Rc8 16. O-O Qf5 17. c4 O-O 18. cxd5 exd5 19. Nf3 Rc3 20. a4 a6 21. Rc1
Rfc8 22. Rxc3 Rxc3 23. Qe2 Qe4 24. Qb2 Rc2 25. Qb3 Qc4 26. Qb1 Nf6 27. Ne5 Qc3
28. a5 Bd4 29. Nf3 Ba7 30. Be5 Qc4 31. Bxf6 Bxf2+ 32. Kh1 gxf6 33. Qd1 Kg7 34.
Ng1 Bxg1 35. Kxg1 Rb2 36. Qf3 Qd4+ 37. Kh1 Rxb4 38. Qg3+ Kf7 39. Qc7+ Kg6 40.
Qe7 f5 41. Re1 f4 42. Re6+ Kf5 43. Qf7+ Kg5 44. h4+ Kxh4 45. Qxh7+ Kg5 46. Qh6+
Kg4 47. Qg6+ Kh4 48. Qh7+ Kg5 49. Qh6+ Kg4 50. Qg6+ Kh4 51. Qh7+ Kg5 1/2-1/2

[Event "Gibtelecom Festival 2010 - Masters"]
[Site "Gibraltar ENG"]
[Date "2010.02.01"]
[Round "7.51"]
[White "Meskovs, Nikita"]
[Black "De Andres Gonalons, Fernan"]
[Result "1-0"]
[WhiteElo "2264"]
[BlackElo "2124"]
[PlyCount "55"]
[EventDate "2010.01.26"]
[EventType "swiss"]
[EventRounds "10"]
[EventCountry "ENG"]
[Source "lmi"]
[SourceDate "2010.01.26"]

1. d4 d5 2. c4 e6 3. Nc3 c5 4. cxd5 exd5 5. Nf3 Nc6 6. Be3 c4 7. g3 Be7 8. Bg2
Nf6 9. Ne5 h6 10. O-O O-O 11. b3 cxb3 12. axb3 Nb4 13. Qd2 Bf5 14. Rfc1 a6 15.
f3 Nd7 16. g4 Nxe5 17. gxf5 Nd7 18. Bf4 Nb6 19. e4 Bg5 20. Ne2 Bxf4 21. Nxf4
Nc6 22. e5 Qg5 23. Kh1 Qxf5 24. Bh3 Qh7 25. Rg1 Kh8 26. Nh5 Rg8 27. Rg3 Ne7 28.
Qf4 1-0

[Event "Gibtelecom Festival 2010 - Masters"]
[Site "Gibraltar ENG"]
[Date "2010.02.01"]
[Round "7.52"]
[White "Collier, David O"]
[Black "Montero Melendez, Rafael"]
[Result "1-0"]
[WhiteElo "2118"]
[BlackElo "2248"]
[PlyCount "79"]
[EventDate "2010.01.26"]
[EventType "swiss"]
[EventRounds "10"]
[EventCountry "ENG"]
[Source "lmi"]
[SourceDate "2010.01.26"]

1. d4 e6 2. e4 d5 3. e5 c5 4. c3 Nc6 5. Nf3 Bd7 6. Be2 Nge7 7. Na3 cxd4 8. cxd4
Ng6 9. Nc2 Be7 10. O-O O-O 11. Bd2 a5 12. a4 Nb4 13. Nxb4 axb4 14. b3 Rb8 15.
Ra2 Qa5 16. Qb1 Ra8 17. Rc2 b5 18. axb5 Bxb5 19. Bxb5 Qxb5 20. Rfc1 Ra3 21. Rc7
Qa5 22. g3 Ra8 23. Kg2 Ra2 24. R7c2 Ra3 25. h4 h5 26. Rc8+ Bf8 27. Ng5 Rxc8 28.
Rxc8 Qa6 29. Rc7 Ra1 30. Qc2 Ra2 31. Qd1 Be7 32. Qf3 f5 33. exf6 Bxf6 34. Qxh5
Bxg5 35. Qxg6 Bf6 36. Bh6 Rxf2+ 37. Kxf2 Bxd4+ 38. Ke1 Bf2+ 39. Kxf2 Qa2+ 40.
Rc2 1-0

[Event "Gibtelecom Festival 2010 - Masters"]
[Site "Gibraltar ENG"]
[Date "2010.02.01"]
[Round "7.53"]
[White "Hartvig, Ove Weiss"]
[Black "Fox, Anthony"]
[Result "1-0"]
[WhiteElo "2245"]
[BlackElo "2113"]
[PlyCount "75"]
[EventDate "2010.01.26"]
[EventType "swiss"]
[EventRounds "10"]
[EventCountry "ENG"]
[Source "lmi"]
[SourceDate "2010.01.26"]

1. e4 e5 2. Nf3 Nc6 3. Bb5 a6 4. Bxc6 dxc6 5. O-O Bg4 6. h3 h5 7. c3 Bc5 8. d3
Qf6 9. Be3 Bxf3 10. Qxf3 Qxf3 11. gxf3 Bxe3 12. fxe3 c5 13. Nd2 Rd8 14. Nc4 f6
15. Rad1 b5 16. Na5 Ne7 17. Nb7 Ra8 18. Nxc5 Kf7 19. d4 exd4 20. exd4 a5 21. f4
f5 22. e5 Nd5 23. Rf3 a4 24. Re1 Rhg8 25. e6+ Ke8 26. Re5 Ne7 27. Nb7 b4 28.
Rc5 bxc3 29. Rfxc3 g5 30. Rg3 g4 31. Rxc7 Ra6 32. d5 Nxd5 33. Rc8+ Ke7 34. Rxg8
Rxe6 35. hxg4 hxg4 36. Nc5 Re1+ 37. Kf2 Rc1 38. Nd3 1-0

[Event "Gibtelecom Festival 2010 - Masters"]
[Site "Gibraltar ENG"]
[Date "2010.02.01"]
[Round "7.54"]
[White "Marchand, Francois"]
[Black "Flermoen, Peter"]
[Result "1-0"]
[WhiteElo "2244"]
[BlackElo "2108"]
[PlyCount "109"]
[EventDate "2010.01.26"]
[EventType "swiss"]
[EventRounds "10"]
[EventCountry "ENG"]
[Source "lmi"]
[SourceDate "2010.01.26"]

1. d4 Nf6 2. c4 g6 3. Nc3 d5 4. Nf3 Bg7 5. Qb3 dxc4 6. Qxc4 a6 7. Bf4 c6 8. e4
O-O 9. Be2 b5 10. Qd3 Bg4 11. O-O Qb6 12. a4 Nbd7 13. h3 Bxf3 14. Bxf3 Rad8 15.
e5 Ne8 16. a5 Qb7 17. Qe4 Nc7 18. Qxc6 Qxc6 19. Bxc6 Nb8 20. Bf3 Rxd4 21. Be3
Rd7 22. Bg4 e6 23. f4 Nd5 24. Nxd5 Rxd5 25. Rfd1 Rxd1+ 26. Rxd1 Nc6 27. Bb6 Rc8
28. Rc1 Ne7 29. Rxc8+ Nxc8 30. Bc5 Bf8 31. Bxf8 Kxf8 32. Bf3 b4 33. Kf2 Ke7 34.
Bb7 Na7 35. Ke3 Kd8 36. Kd4 Kc7 37. Bxa6 Nc6+ 38. Kc5 b3 39. Bb5 Nxa5 40. Be8
Nb7+ 41. Kc4 Na5+ 42. Kb5 Nb7 43. Kb4 Kc8 44. Kxb3 Kd8 45. Bb5 Nc5+ 46. Kc4 Ne4
47. Bc6 Ng3 48. Bf3 Kc7 49. Kc5 Nf5 50. b4 Ne7 51. b5 Nc8 52. Bc6 Nb6 53. g3
Na4+ 54. Kb4 Nb2 55. Be8 1-0

[Event "Gibtelecom Festival 2010 - Masters"]
[Site "Gibraltar ENG"]
[Date "2010.02.01"]
[Round "7.55"]
[White "Doubleday, William G"]
[Black "Duhayon, Yves"]
[Result "0-1"]
[WhiteElo "2115"]
[BlackElo "2241"]
[PlyCount "48"]
[EventDate "2010.01.26"]
[EventType "swiss"]
[EventRounds "10"]
[EventCountry "ENG"]
[Source "lmi"]
[SourceDate "2010.01.26"]

1. d4 d5 2. c4 e6 3. Nc3 Nf6 4. Nf3 Bb4 5. Bg5 dxc4 6. e4 b5 7. Be2 Nbd7 8. e5
h6 9. Bxf6 gxf6 10. O-O Bxc3 11. bxc3 Bb7 12. Rb1 a6 13. a4 Bc6 14. Qc1 Nb6 15.
axb5 axb5 16. Nd2 fxe5 17. Bf3 Nd5 18. Ne4 Nf4 19. dxe5 Bxe4 20. Bxe4 Ne2+ 21.
Kh1 Nxc1 22. Bxa8 Qxa8 23. Rfxc1 Rg8 24. f3 Qd5 0-1

[Event "Gibtelecom Festival 2010 - Masters"]
[Site "Gibraltar ENG"]
[Date "2010.02.01"]
[Round "7.56"]
[White "Fegan, Chris"]
[Black "Al-Tamimi, Hamad"]
[Result "0-1"]
[WhiteElo "2093"]
[BlackElo "2238"]
[PlyCount "100"]
[EventDate "2010.01.26"]
[EventType "swiss"]
[EventRounds "10"]
[EventCountry "ENG"]
[Source "lmi"]
[SourceDate "2010.01.26"]

1. d4 d5 2. Nf3 Nf6 3. e3 c5 4. c4 cxd4 5. Nxd4 e5 6. Nf3 Nc6 7. cxd5 Qxd5 8.
Qxd5 Nxd5 9. Bb5 f6 10. a3 a6 11. Bc4 Nb6 12. Ba2 e4 13. Nd4 Ne5 14. O-O Bc5
15. Nc3 f5 16. b4 Be7 17. Rb1 Bf6 18. a4 Nc6 19. Rd1 Nxd4 20. exd4 Bd7 21. Bb3
Rc8 22. Bb2 Nc4 23. Ba1 Be6 24. g4 g6 25. d5 Bf7 26. d6 Nxd6 27. Nd5 Bxa1 28.
Rxa1 Bxd5 29. Rxd5 Rc3 30. Ba2 Rd3 31. gxf5 Rxd5 32. Bxd5 gxf5 33. b5 axb5 34.
axb5 Kd7 35. Ra7 Kc7 36. Kg2 Re8 37. Kg3 Kb6 38. Ra3 Re5 39. Bg8 h6 40. Kf4 Re8
41. Bd5 Kc5 42. Ba2 Nxb5 43. Rh3 Nd4 44. Rxh6 b5 45. Rh7 Ra8 46. Bf7 b4 47. Bg6
b3 48. Rb7 Nb5 49. Bxf5 b2 50. Bxe4 Ra4 0-1

[Event "Gibtelecom Festival 2010 - Masters"]
[Site "Gibraltar ENG"]
[Date "2010.02.01"]
[Round "7.59"]
[White "Chapman, Terry P D"]
[Black "Havik, Victor"]
[Result "1-0"]
[WhiteElo "2221"]
[BlackElo "2093"]
[PlyCount "61"]
[EventDate "2010.01.26"]
[EventType "swiss"]
[EventRounds "10"]
[EventCountry "ENG"]
[Source "lmi"]
[SourceDate "2010.01.26"]

1. Nf3 Nf6 2. g3 g6 3. Bg2 Bg7 4. c4 c5 5. O-O Nc6 6. d4 cxd4 7. Nxd4 O-O 8.
Nc3 Qb6 9. Nb3 d6 10. Be3 Qd8 11. h3 Ne5 12. Nd2 Nfd7 13. Rc1 a5 14. b3 Nc5 15.
Kh2 Rb8 16. Nf3 Nxf3+ 17. Bxf3 b6 18. Qd2 Bb7 19. Bxb7 Rxb7 20. Bh6 Qc8 21.
Bxg7 Kxg7 22. Qd4+ Kg8 23. h4 h5 24. e4 Rb8 25. Rce1 Ne6 26. Qd2 Qc5 27. Rd1
Rbe8 28. Nd5 Kh7 29. f4 Ng7 30. f5 Qc6 31. f6 1-0

[Event "Gibtelecom Festival 2010 - Masters"]
[Site "Gibraltar ENG"]
[Date "2010.02.01"]
[Round "7.60"]
[White "Haraldsson, Leif"]
[Black "Lacrosse, Marc"]
[Result "0-1"]
[WhiteElo "2050"]
[BlackElo "2220"]
[PlyCount "62"]
[EventDate "2010.01.26"]
[EventType "swiss"]
[EventRounds "10"]
[EventCountry "ENG"]
[Source "lmi"]
[SourceDate "2010.01.26"]

1. e4 e5 2. Bc4 Nf6 3. Qf3 Nc6 4. c3 d6 5. h3 Be7 6. Ne2 Be6 7. Bb5 d5 8. d3
O-O 9. Nd2 Ne8 10. g4 Nd6 11. Ba4 dxe4 12. dxe4 g6 13. Bxc6 bxc6 14. Qg3 f6 15.
h4 Qd7 16. f3 Rad8 17. b3 Nf7 18. Qg2 Bc5 19. Ng3 Be3 20. Qe2 Bf4 21. Ngf1 Qd6
22. Ne3 Qd3 23. Ng2 Qxc3 24. Rb1 Bh6 25. g5 fxg5 26. Bb2 Qc2 27. Ne3 Qd3 28.
Rd1 g4 29. Nxg4 Bxg4 30. fxg4 Bxd2+ 31. Rxd2 Qb1+ 0-1

[Event "Gibtelecom Festival 2010 - Masters"]
[Site "Gibraltar ENG"]
[Date "2010.02.01"]
[Round "7.61"]
[White "Tjolsen, Katrine"]
[Black "Freuler, Roman"]
[Result "1-0"]
[WhiteElo "2212"]
[BlackElo "2082"]
[PlyCount "107"]
[EventDate "2010.01.26"]
[EventType "swiss"]
[EventRounds "10"]
[EventCountry "ENG"]
[Source "lmi"]
[SourceDate "2010.01.26"]

1. Nf3 g6 2. g3 Bg7 3. Bg2 e5 4. d3 d6 5. O-O Nc6 6. c4 Nf6 7. Nc3 O-O 8. Rb1
Bd7 9. h3 h6 10. b4 Re8 11. Nd2 Rb8 12. b5 Nd4 13. a4 Ne6 14. Kh2 Qc8 15. Nf3
Nc5 16. Nd2 Ne6 17. Nb3 c6 18. Ba3 c5 19. Bc1 Qd8 20. a5 Nh7 21. Bd2 Nd4 22.
Qc1 g5 23. Qd1 Bf5 24. Nc1 Kh8 25. e3 Ne6 26. Be4 Qf6 27. Qf3 Bxe4 28. Qxf6
Nxf6 29. Nxe4 Rbd8 30. Bc3 Ng8 31. Rd1 f5 32. Nd2 Ne7 33. Ne2 Kh7 34. Kg2 Kg6
35. Rbc1 Rf8 36. f4 exf4 37. gxf4 Bxc3 38. Rxc3 gxf4 39. Nxf4+ Nxf4+ 40. exf4
Kf6 41. Nf1 d5 42. Kf3 d4 43. Rc2 Ng6 44. Re2 Rde8 45. Rde1 Rxe2 46. Rxe2 Rf7
47. Ng3 Re7 48. Rxe7 Nxe7 49. Nf1 b6 50. a6 Ke6 51. Nd2 Kf6 52. Kg3 Ke6 53. Nf3
Ng6 54. Nxd4+ 1-0

[Event "Gibtelecom Festival 2010 - Masters"]
[Site "Gibraltar ENG"]
[Date "2010.02.01"]
[Round "7.63"]
[White "Weeramantry, Sunil"]
[Black "Dasaolu, Adeoye"]
[Result "1-0"]
[WhiteElo "2201"]
[BlackElo "2068"]
[PlyCount "63"]
[EventDate "2010.01.26"]
[EventType "swiss"]
[EventRounds "10"]
[EventCountry "ENG"]
[Source "lmi"]
[SourceDate "2010.01.26"]

1. e4 c5 2. Nc3 e6 3. f4 Nc6 4. Nf3 a6 5. d4 cxd4 6. Nxd4 Qc7 7. Be2 d6 8. a4
Nf6 9. Be3 Be7 10. O-O Bd7 11. Nb3 b6 12. Bf3 Rb8 13. Qe2 Nb4 14. Rad1 O-O 15.
g4 Bc8 16. g5 Nd7 17. Bg2 Re8 18. Rd2 Bf8 19. f5 Ne5 20. Rd4 a5 21. Rf2 exf5
22. exf5 Bb7 23. Rh4 g6 24. fxg6 hxg6 25. Bxb7 Rxb7 26. Ne4 Nd7 27. Qf1 Re7 28.
Bd4 Bg7 29. Nf6+ Kf8 30. Rh7 Ne5 31. Qh3 Re6 32. Rh8+ 1-0

[Event "Gibtelecom Festival 2010 - Masters"]
[Site "Gibraltar ENG"]
[Date "2010.02.01"]
[Round "7.65"]
[White "Kawuma, Steven Male"]
[Black "Bryn, Askild"]
[Result "1-0"]
[WhiteElo "2187"]
[BlackElo "2036"]
[PlyCount "35"]
[EventDate "2010.01.26"]
[EventType "swiss"]
[EventRounds "10"]
[EventCountry "ENG"]
[Source "lmi"]
[SourceDate "2010.01.26"]

1. e4 c5 2. Nf3 Nc6 3. d4 cxd4 4. Nxd4 e5 5. Nb5 h6 6. N1c3 Nf6 7. Nd6+ Bxd6 8.
Qxd6 Qe7 9. Qd1 O-O 10. Be2 Rd8 11. O-O Nd4 12. Bc4 b5 13. Nd5 Qd6 14. Nxf6+
Qxf6 15. Bd5 Rb8 16. f4 Bb7 17. fxe5 Qb6 18. Be3 1-0

[Event "Gibtelecom Festival 2010 - Masters"]
[Site "Gibraltar ENG"]
[Date "2010.02.01"]
[Round "7.66"]
[White "Byrn, Carsten"]
[Black "Jacobsen, Fredrik Beer"]
[Result "1-0"]
[WhiteElo "2171"]
[BlackElo "1952"]
[PlyCount "85"]
[EventDate "2010.01.26"]
[EventType "swiss"]
[EventRounds "10"]
[EventCountry "ENG"]
[Source "lmi"]
[SourceDate "2010.01.26"]

1. d4 f5 2. c4 Nf6 3. g3 g6 4. Bg2 Bg7 5. Nh3 O-O 6. O-O d6 7. d5 Bd7 8. Nc3
Na6 9. Rb1 c6 10. Be3 Qe8 11. b3 Nc7 12. Qd2 Qc8 13. Bh6 Ne4 14. Nxe4 fxe4 15.
Bxg7 Kxg7 16. Ng5 Ne8 17. Nxe4 Nf6 18. Rbc1 Nxe4 19. Bxe4 Bh3 20. Bg2 c5 21. e4
Rf7 22. f4 Qg4 23. Rce1 Raf8 24. e5 Bxg2 25. Kxg2 b6 26. exd6 exd6 27. Qc3+ Kg8
28. Qe3 Rf6 29. Qe4 h5 30. h3 Qc8 31. Qe7 g5 32. Re6 Rxe6 33. Qxg5+ Kf7 34.
dxe6+ Qxe6 35. Qxh5+ Ke7 36. Rf2 Kd8 37. Re2 Qd7 38. Qd5 Kc7 39. Re6 Re8 40. f5
Rxe6 41. Qxe6 Qg7 42. Qe2 Qg5 43. g4 1-0

[Event "Gibtelecom Festival 2010 - Masters"]
[Site "Gibraltar ENG"]
[Date "2010.02.01"]
[Round "7.67"]
[White "Cafolla, Peter"]
[Black "Kvisla, Johannes Luangtep"]
[Result "0-1"]
[WhiteElo "2042"]
[BlackElo "2161"]
[PlyCount "52"]
[EventDate "2010.01.26"]
[EventType "swiss"]
[EventRounds "10"]
[EventCountry "ENG"]
[Source "lmi"]
[SourceDate "2010.01.26"]

1. e4 e5 2. Nf3 Nc6 3. d4 exd4 4. Nxd4 Nf6 5. Nxc6 bxc6 6. e5 Qe7 7. Qe2 Nd5 8.
c4 Nb6 9. Nc3 a5 10. Bd2 Ba6 11. b3 Qe6 12. Qe4 Bb4 13. Bd3 d5 14. exd6 cxd6
15. O-O-O Qxe4 16. Bxe4 Bb7 17. Nb5 O-O-O 18. Bxb4 cxb5 19. Bxb7+ Kxb7 20. Bxa5
bxc4 21. Rd4 Ra8 22. b4 d5 23. Rhd1 Rhe8 24. Bxb6 Kxb6 25. Rxd5 Rxa2 26. Rc5
Ra1+ 0-1

[Event "Gibtelecom Festival 2010 - Masters"]
[Site "Gibraltar ENG"]
[Date "2010.02.01"]
[Round "7.68"]
[White "Haarr, Jon Kristian"]
[Black "Tari, Aryan"]
[Result "1/2-1/2"]
[WhiteElo "2157"]
[BlackElo "1932"]
[PlyCount "71"]
[EventDate "2010.01.26"]
[EventType "swiss"]
[EventRounds "10"]
[EventCountry "ENG"]
[Source "lmi"]
[SourceDate "2010.01.26"]

1. e4 c6 2. c4 d5 3. exd5 cxd5 4. d4 Nf6 5. Nc3 e6 6. Nf3 Be7 7. c5 Nc6 8. a3
Ne4 9. Bb5 Nxc3 10. bxc3 Qa5 11. Qb3 O-O 12. O-O Qc7 13. Bxc6 bxc6 14. Qa4 a5
15. Ne5 Bxc5 16. dxc5 Qxe5 17. Bf4 Qe4 18. Qxe4 dxe4 19. Rfd1 Ba6 20. Rd6 Rac8
21. Re1 f5 22. Rxe6 Kf7 23. Rd6 Rfd8 24. Rb1 Rb8 25. Rb6 Rxb6 26. cxb6 Rxd6 27.
Bxd6 a4 28. Bb4 Ke6 29. c4 Kd7 30. c5 Ke6 31. h4 h5 32. Kh2 f4 33. f3 g6 34.
Kg1 exf3 35. gxf3 Kd5 36. Kf2 1/2-1/2